| Tag |
First Indicator |
Second Indicator |
Subfields |
| LEADER |
00000cam a2200000Mi 4500 |
| 001 |
in00005637513 |
| 006 |
m o d |
| 007 |
cr |n|---||a|a |
| 008 |
890830s1974 cau ob s000 0 eng d |
| 005 |
20250331202421.7 |
| 010 |
|
|
|a 74624146
|
| 035 |
|
|
|a (OCoLC)ocn593647008
|
| 040 |
|
|
|a ALSTP
|b eng
|e pn
|c ALSTP
|d OCLCQ
|d OCLCF
|d OCLCO
|d OCLCQ
|d OCLCE
|d IOG
|d WYU
|d EYM
|d OCLCO
|d OCLCL
|
| 019 |
|
|
|a 991537468
|a 999614454
|a 1066345467
|a 1083678467
|a 1178600105
|a 1194717285
|a 1225268299
|a 1247583593
|a 1247597653
|
| 035 |
|
|
|a (OCoLC)593647008
|z (OCoLC)991537468
|z (OCoLC)999614454
|z (OCoLC)1066345467
|z (OCoLC)1083678467
|z (OCoLC)1178600105
|z (OCoLC)1194717285
|z (OCoLC)1225268299
|z (OCoLC)1247583593
|z (OCoLC)1247597653
|
| 042 |
|
|
|a dlr
|
| 043 |
|
|
|a n-us-ca
|
| 050 |
|
4 |
|a KFC10
|b .L37 1974
|
| 082 |
0 |
4 |
|a 331.1/33
|
| 049 |
|
|
|a TXAM
|
| 110 |
1 |
|
|a California.
|b Legislature.
|b Joint Committee on Legal Equality.
|
| 245 |
1 |
0 |
|a Women in the justice system :
|b transcript of hearing of the Joint Committee on Legal Equality, Los Angeles, California, February 22, 1974, Mervyn M. Dymally, chairperson.
|
| 260 |
|
|
|a [Sacramento] :
|b [Committee],
|c [1974]
|
| 300 |
|
|
|a 1 online resource (iii, 286 leaves)
|
| 336 |
|
|
|a text
|b txt
|2 rdacontent
|
| 337 |
|
|
|a computer
|b c
|2 rdamedia
|
| 338 |
|
|
|a online resource
|b cr
|2 rdacarrier
|
| 347 |
|
|
|a data file
|2 rda
|
| 380 |
|
|
|a Bibliography
|
| 504 |
|
|
|a Includes bibliographical references (leaf 286).
|
| 588 |
0 |
|
|a Print version record.
|
| 538 |
|
|
|a Master and use copy. Digital master created according to Benchmark for Faithful Digital Reproductions of Monographs and Serials, Version 1. Digital Library Federation, December 2002.
|u http://purl.oclc.org/DLF/benchrepro0212
|5 MiAaHDL
|
| 583 |
1 |
|
|a digitized
|c 2011
|h HathiTrust Digital Library
|l committed to preserve
|2 pda
|5 MiAaHDL
|
| 650 |
|
0 |
|a Sex discrimination against women
|x Law and legislation
|z California.
|
| 650 |
|
0 |
|a Courts
|z California
|x Officials and employees.
|
| 650 |
|
7 |
|a Courts
|x Officials and employees.
|2 fast
|0 (OCoLC)fst00881778
|
| 650 |
|
7 |
|a Sex discrimination against women
|x Law and legislation.
|2 fast
|0 (OCoLC)fst01114381
|
| 651 |
|
7 |
|a California.
|2 fast
|0 (OCoLC)fst01204928
|
| 655 |
|
7 |
|a Electronic books.
|2 local
|
| 700 |
1 |
|
|a Dymally, Mervyn M.,
|d 1926-2012.
|
| 710 |
2 |
|
|a Alexander Street (Firm)
|
| 758 |
|
|
|i has work:
|a Women in the justice system (Text)
|1 https://id.oclc.org/worldcat/entity/E39PCFTtGpThTr8Wjv4GtcHJrC
|4 https://id.oclc.org/worldcat/ontology/hasWork
|
| 776 |
0 |
8 |
|i Print version:
|a California. Legislature. Joint Committee on Legal Equality.
|t Women in the justice system.
|d [Sacramento : Committee, 1974]
|
| 830 |
|
0 |
|a Women and social movements: scholar's edition.
|
| 856 |
4 |
0 |
|u http://proxy.library.tamu.edu/login?url=https://www.aspresolver.com/aspresolver.asp?WASS;S10021960
|z Connect to the full text of this electronic book
|t 0
|
| 955 |
|
|
|a Alexander Street - Women and Social Movement in the United States 1600-2000
|
| 994 |
|
|
|a 92
|b TXA
|
| 999 |
f |
f |
|s 7c3ecf58-f2b2-491a-a9cb-2f52e49d0084
|i a4c8e55e-843f-48b2-acf6-790f8874952b
|t 0
|
| 952 |
f |
f |
|a Texas A&M University
|b College Station
|c Electronic Resources
|d Available Online
|t 0
|e KFC10 .L37 1974
|h Library of Congress classification
|
| 998 |
f |
f |
|a KFC10 .L37 1974
|t 0
|l Available Online
|